[Event "North Island-ch"]
[Site "Auckland"]
[Date "2022.07.15"]
[Round "3"]
[White "Yu, Weiyang"]
[Black "Weng, Xintong"]
[Result "1-0"]
[WhiteElo "1504"]
[BlackElo "1742"]
[PlyCount "49"]
[EventDate "2022.07.14"]
[EventType "swiss"]
[EventRounds "9"]
[EventCountry "NZL"]
[SourceTitle "EXT 2024"]
[Source "ChessBase"]
[SourceDate "2023.10.10"]
[SourceVersion "1"]
[SourceVersionDate "2023.10.10"]
[SourceQuality "1"]

1. e4 c5 2. Nf3 e6 3. d4 cxd4 4. Nxd4 Nc6 5. Nc3 Nf6 6. Be3 Qc7 7. f3 a6 8. Qd2 Bb4 9. g4 d6 10. h4 0-0 11. h5 Nd7 12. g5 Nde5 13. Be2 d5 14. exd5 exd5 15. a3 Bxc3 16. Qxc3 Re8 17. 0-0-0 Nc4 18. Bxc4 dxc4 19. g6 Nxd4 20. Qxd4 Bf5 21. gxh7+ Kxh7 22. h6 f6 23. hxg7+ Kxg7 24. Rdg1+ Kf7 25. Qd5+ 1-0

[Event "NZL-ch op 128th"]
[Site "Palmerston North"]
[Date "2021.01.05"]
[Round "4"]
[White "Cooper, Nigel"]
[Black "Weng, Xintong"]
[Result "1/2-1/2"]
[WhiteElo "1612"]
[BlackElo "1694"]
[PlyCount "133"]
[EventDate "2021.01.02"]
[EventType "swiss"]
[EventRounds "9"]
[EventCountry "NZL"]
[SourceTitle "CBM 200 Extra"]
[Source "ChessBase"]
[SourceDate "2021.03.31"]
[SourceVersion "1"]
[SourceVersionDate "2021.03.31"]
[SourceQuality "1"]

1. e3 d5 2. c4 e6 3. cxd5 exd5 4. d4 Nf6 5. Nc3 Bf5 6. Bd3 Bxd3 7. Qxd3 c6 8. Nf3 Nbd7 9. 0-0 Bd6 10. e4 dxe4 11. Nxe4 Be7 12. Re1 0-0 13. Bf4 Nb6 14. Nxf6+ Bxf6 15. Be5 Rc8 16. Qf5 Nd5 17. Bxf6 Qxf6 18. Qxf6 Nxf6 19. Re7 Rb8 20. Rae1 Nd5 21. R7e4 h6 22. a3 Rfd8 23. Kf1 Kf8 24. g3 Rd6 25. R1e2 Rbd8 26. Ke1 R6d7 27. Ne5 Re7 28. Nf3 Rxe4 29. Rxe4 Nf6 30. Re5 Ng4 31. Re4 f5 32. Re2 Nf6 33. h4 g6 34. Kd2 c5 35. Kc3 Ne4+ 36. Kd3 g5 37. hxg5 hxg5 38. g4 fxg4 39. Rxe4 gxf3 40. Ke3 cxd4+ 41. Kxf3 Kf7 42. Ke2 Kf6 43. Kd3 b5 44. b4 Rd6 45. Re2 a6 46. Re4 Rd5 47. Re8 Rd6 48. Re4 Kf5 49. Re8 Kg4 50. Rf8 Kh5 51. Rh8+ Kg6 52. Rg8+ Kf5 53. Rf8+ Rf6 54. Rxf6+ Kxf6 55. Kxd4 Kf5 56. Ke3 g4 57. Ke2 Ke4 58. Kf1 Kd3 59. Kg2 Ke2 60. Kg3 Kf1 61. f4 gxf3 62. Kxf3 Ke1 63. Ke3 Kd1 64. Kd3 Kc1 65. Kc3 Kb1 66. Kb3 Ka1 67. a4 1/2-1/2

[Event "NZL-ch op 128th"]
[Site "Palmerston North"]
[Date "2021.01.03"]
[Round "2"]
[White "Cunningham, Patrick D"]
[Black "Weng, Xintong"]
[Result "1-0"]
[WhiteElo "1619"]
[BlackElo "1694"]
[PlyCount "31"]
[EventDate "2021.01.02"]
[EventType "swiss"]
[EventRounds "9"]
[EventCountry "NZL"]
[SourceTitle "CBM 200 Extra"]
[Source "ChessBase"]
[SourceDate "2021.03.31"]
[SourceVersion "1"]
[SourceVersionDate "2021.03.31"]
[SourceQuality "1"]

1. d4 d5 2. c4 e6 3. Nc3 Nf6 4. Bg5 Bb4 5. Nf3 h6 6. Bh4 g5 7. Bg3 Ne4 8. Qc2 c5 9. e3 Qa5 10. Bd3 Nxc3 11. 0-0 Ne4 12. cxd5 Nxg3 13. fxg3 cxd4 14. Nxd4 Qxd5 15. Qxc8+ Ke7 16. Qxh8 1-0

[Event "NZL-ch op 128th"]
[Site "Palmerston North"]
[Date "2021.01.02"]
[Round "1"]
[White "Weng, Xintong"]
[Black "Cilia Vincenti, David"]
[Result "0-1"]
[WhiteElo "1694"]
[BlackElo "2111"]
[PlyCount "190"]
[EventDate "2021.01.02"]
[EventType "swiss"]
[EventRounds "9"]
[EventCountry "NZL"]
[SourceTitle "CBM 200 Extra"]
[Source "ChessBase"]
[SourceDate "2021.03.31"]
[SourceVersion "1"]
[SourceVersionDate "2021.03.31"]
[SourceQuality "1"]

1. d4 f5 2. c4 Nf6 3. Nc3 e6 4. Nf3 Bb4 5. Bd2 0-0 6. e3 b6 7. Be2 Bb7 8. 0-0 c5 9. a3 Bxc3 10. Bxc3 Ne4 11. Qc2 Qe7 12. Nd2 Nxc3 13. Qxc3 d6 14. Bf3 Bxf3 15. Nxf3 Nd7 16. Rfd1 Nf6 17. Rac1 Ne4 18. Qc2 Rac8 19. Nd2 d5 20. Nxe4 fxe4 21. cxd5 exd5 22. dxc5 Rxc5 23. Qd2 Rd8 24. b4 Rxc1 25. Rxc1 Qe5 26. Qd4 Qxd4 27. exd4 Rd7 28. g3 Kf7 29. Rc6 Ke7 30. Kf1 Rb7 31. Ke2 Kd7 32. Rc3 Kd6 33. f3 Rf7 34. Re3 Rc7 35. fxe4 dxe4 36. Rxe4 Rc2+ 37. Kd3 Rxh2 38. Re3 Ra2 39. Ke4 a5 40. bxa5 bxa5 41. Rb3 g6 42. g4 Rg2 43. Kf3 Rh2 44. Kg3 Rd2 45. Rb6+ Kc7 46. Ra6 Rd3+ 47. Kf2 Rxd4 48. Rxa5 Kb6 49. Re5 Rxg4 50. Re7 h5 51. Kf3 Rg5 52. Kf4 Rg1 53. Kf3 Rf1+ 54. Kg2 Rf6 55. Rd7 Ka5 56. Rc7 Ra6 57. Rc3 Ka4 58. Rg3 Rb6 59. Kh2 Ra6 60. Kg2 Kb5 61. Rc3 Rc6 62. Rg3 Kc4 63. Rf3 Kd4 64. Rf8 Rc2+ 65. Kg1 Ke4 66. Rg8 Kf5 67. a4 Ra2 68. Ra8 Kg4 69. a5 Kg3 70. Kf1 g5 71. Rb8 Rxa5 72. Rb3+ Kf4 73. Rb4+ Kf5 74. Rb2 Ra4 75. Rb5+ Kg4 76. Rb2 h4 77. Kg2 h3+ 78. Kh2 Rf4 79. Ra2 Kh4 80. Kg1 Kg3 81. Ra1 Rf3 82. Rb1 g4 83. Ra1 Re3 84. Rb1 Kf4 85. Rb4+ Re4 86. Rb8 Re1+ 87. Kh2 Re2+ 88. Kh1 g3 89. Rb1 Kf3 90. Kg1 g2 91. Ra1 Re3 92. Kh2 Kf2 93. Ra2+ Re2 94. Ra1 Re1 95. Ra2+ Kf1 0-1

[Event "Auckland Morrison Memorial"]
[Site "Auckland"]
[Date "2020.10.26"]
[Round "5"]
[White "Weng, Xintong"]
[Black "Guerra, Romie Lord"]
[Result "0-1"]
[WhiteElo "1582"]
[BlackElo "1988"]
[PlyCount "74"]
[EventDate "2020.10.24"]
[EventType "swiss"]
[EventRounds "6"]
[EventCountry "NZL"]
[SourceTitle "EXT 2024"]
[Source "ChessBase"]
[SourceDate "2023.10.10"]
[SourceVersion "1"]
[SourceVersionDate "2023.10.10"]
[SourceQuality "1"]

1. d4 d5 2. c4 c6 3. Nf3 Nf6 4. Nc3 e6 5. Bg5 Nbd7 6. e3 Qa5 7. Bxf6 Nxf6 8. Nd2 Bd6 9. Rc1 0-0 10. Bd3 Re8 11. f4 Qd8 12. 0-0 b6 13. g4 Bb7 14. g5 Nd7 15. Rf3 g6 16. Rh3 Bf8 17. Qg4 Bg7 18. Qh4 Nf8 19. cxd5 exd5 20. Nd1 Qd6 21. Nf2 Bc8 22. Rf3 c5 23. dxc5 bxc5 24. Ng4 Bxg4 25. Qxg4 c4 26. Bb1 Qb6 27. Qg3 Bxb2 28. Rcf1 Bc3 29. Qf2 Qb2 30. Rd1 Rab8 31. Nf1 Qxf2+ 32. Rxf2 Ne6 33. Rc2 Bg7 34. Rcc1 Rb5 35. Nd2 Reb8 36. Nf3 Bb2 37. Rc2 Ba3 0-1

[Event "Auckland Morrison Memorial"]
[Site "Auckland"]
[Date "2020.10.26"]
[Round "6"]
[White "Yang, Lucase"]
[Black "Weng, Xintong"]
[Result "0-1"]
[WhiteElo "1305"]
[BlackElo "1582"]
[PlyCount "130"]
[EventDate "2020.10.24"]
[EventType "swiss"]
[EventRounds "6"]
[EventCountry "NZL"]
[SourceTitle "EXT 2024"]
[Source "ChessBase"]
[SourceDate "2023.10.10"]
[SourceVersion "1"]
[SourceVersionDate "2023.10.10"]
[SourceQuality "1"]

1. f4 c5 2. Nf3 Nc6 3. e3 d5 4. Bb5 Bd7 5. 0-0 Nf6 6. c3 e6 7. Bxc6 Bxc6 8. d4 Bd6 9. Ne5 Qc7 10. Nd2 h6 11. Rf3 0-0-0 12. b3 Ne4 13. Nxe4 dxe4 14. Rf1 g5 15. Qh5 Bxe5 16. fxe5 Rdf8 17. Rf6 Be8 18. Bb2 Qe7 19. a4 Rfg8 20. Qg4 Bc6 21. Raf1 h5 22. Qe2 Rh7 23. Qc4 Bd5 24. Qb5 Bc6 25. Qa5 Kb8 26. Ba3 b6 27. Qa6 Rc8 28. a5 Bb7 29. Qe2 Qd7 30. Qf2 cxd4 31. Bd6+ Ka8 32. cxd4 Rc3 33. Rxf7 Rxf7 34. Qxf7 Qxf7 35. Rxf7 Ba6 36. Rf8+ Kb7 37. Rf7+ Ka8 38. Kf2 h4 39. g4 Rc2+ 40. Ke1 Re2+ 41. Kd1 Rxe3 42. Rf2 Rxb3 43. d5 Rd3+ 44. Rd2 Rxd5 45. Rxd5 exd5 46. e6 bxa5 47. e7 Bb5 48. Kd2 d4 49. e8Q+ Bxe8 50. Be7 e3+ 51. Ke1 d3 52. Bxg5 d2+ 53. Ke2 Bb5+ 54. Kxe3 d1Q 55. Kf4 Qd2+ 56. Kf5 Qxg5+ 57. Kxg5 a4 58. Kxh4 a3 59. g5 a2 60. g6 a1Q 61. Kh5 Qg7 62. h4 Be8 63. Kg5 Qxg6+ 64. Kf4 Qh5 65. Kg3 a5 0-1

[Event "Auckland Morrison Memorial"]
[Site "Auckland"]
[Date "2020.10.25"]
[Round "3"]
[White "Gan, Emily Cathay"]
[Black "Weng, Xintong"]
[Result "0-1"]
[WhiteElo "1160"]
[BlackElo "1582"]
[PlyCount "88"]
[EventDate "2020.10.24"]
[EventType "swiss"]
[EventRounds "6"]
[EventCountry "NZL"]
[SourceTitle "EXT 2024"]
[Source "ChessBase"]
[SourceDate "2023.10.10"]
[SourceVersion "1"]
[SourceVersionDate "2023.10.10"]
[SourceQuality "1"]

1. c4 c5 2. Nc3 Nc6 3. g3 g6 4. Bg2 Bg7 5. e3 e5 6. Nge2 Nge7 7. 0-0 0-0 8. b3 d6 9. d3 Be6 10. Nd5 Qd7 11. Bb2 Bh3 12. Nec3 Bxg2 13. Kxg2 f5 14. f4 Rae8 15. Rb1 Nxd5 16. cxd5 Nd8 17. Qd2 Re7 18. Rbe1 Rfe8 19. fxe5 Bxe5 20. Nd1 b5 21. Qc2 Bxb2 22. Qxb2 Re5 23. Qe2 Qb7 24. e4 fxe4 25. dxe4 Rxe4 26. Qxe4 Rxe4 27. Rxe4 Qxd5 28. Rfe1 Nc6 29. Kf2 Ne5 30. Kg2 c4 31. bxc4 bxc4 32. Kh3 g5 33. g4 Qc5 34. Kg3 c3 35. Ne3 Nd3 36. Rf1 Nf4 37. Ng2 c2 38. Nxf4 gxf4+ 39. Rfxf4 d5 40. Re8+ Kg7 41. Rd8 Qe3+ 42. Rf3 Qxf3+ 43. Kxf3 c1Q 44. Rxd5 Qh1+ 0-1

[Event "Auckland Morrison Memorial"]
[Site "Auckland"]
[Date "2020.10.25"]
[Round "4"]
[White "Weng, Xintong"]
[Black "Lim, Benjamin U"]
[Result "1-0"]
[WhiteElo "1582"]
[BlackElo "1870"]
[PlyCount "171"]
[EventDate "2020.10.24"]
[EventType "swiss"]
[EventRounds "6"]
[EventCountry "NZL"]
[SourceTitle "EXT 2024"]
[Source "ChessBase"]
[SourceDate "2023.10.10"]
[SourceVersion "1"]
[SourceVersionDate "2023.10.10"]
[SourceQuality "1"]

1. d4 Nf6 2. c4 c5 3. d5 g6 4. Nf3 Bg7 5. Nc3 d6 6. Bg5 Qa5 7. Nd2 h6 8. Bxf6 Bxf6 9. Qc2 Na6 10. g3 Bf5 11. e4 Bd7 12. Bg2 Nb4 13. Qb1 b5 14. 0-0 bxc4 15. Nxc4 Qa6 16. Ne3 Rb8 17. Rd1 Qc8 18. Qc1 Bh3 19. a3 Na6 20. Nc4 h5 21. e5 Bxe5 22. Nxe5 dxe5 23. Ne4 Bxg2 24. Kxg2 Qb7 25. Nxc5 Nxc5 26. Qxc5 0-0 27. b4 Rbc8 28. Qe3 e6 29. Kg1 exd5 30. Qxe5 Rfd8 31. Rd3 Rc4 32. Rad1 d4 33. Qf6 Qd5 34. Qf3 Qe5 35. Re3 Qc7 36. Red3 Kg7 37. Qe2 Qd6 38. Qe4 Rd7 39. h4 f5 40. Qf4 Qd5 41. f3 Rd6 42. Kf2 Rc2+ 43. R1d2 Rxd2+ 44. Qxd2 Qc4 45. Ke2 Qe6+ 46. Kf2 Qc4 47. Ke2 Rd7 48. Kf2 Qd5 49. Ke2 Qd6 50. Kf2 Rd8 51. Kg2 Qd5 52. Kf2 Qc4 53. Ke2 Re8+ 54. Kf2 Rd8 55. Ke2 Qb5 56. Kf2 Qe5 57. Kg2 Rd7 58. Kf2 Kf7 59. Kg2 Ke6 60. Kf2 Kd5 61. Qa2+ Kc6 62. Qd2 Kb6 63. Kg2 Ka6 64. Kf2 Qd5 65. Kg2 Qc4 66. Kf2 Kb5 67. Kg2 Kc6 68. Kf2 Kd5 69. Kg2 Rc7 70. Kf2 Qc2 71. Rxd4+ Ke6 72. Qxc2 Rxc2+ 73. Ke3 Ke5 74. f4+ Ke6 75. Rd2 Rc3+ 76. Rd3 Rc2 77. Kd4 Rc6 78. Rc3 Rd6+ 79. Kc5 Rd8 80. Kb5 Rd7 81. Ka6 Rg7 82. Rd3 Rc7 83. b5 Rg7 84. a4 Rc7 85. a5 Rc5 86. b6 1-0

[Event "South Island-ch"]
[Site "Dunedin"]
[Date "2020.10.09"]
[Round "7"]
[White "Weng, Xintong"]
[Black "Ashe, Michael"]
[Result "1/2-1/2"]
[WhiteElo "1582"]
[BlackElo "1495"]
[PlyCount "60"]
[EventDate "2020.10.03"]
[EventType "swiss"]
[EventRounds "7"]
[EventCountry "NZL"]
[SourceTitle "EXT 2024"]
[Source "ChessBase"]
[SourceDate "2023.10.10"]
[SourceVersion "1"]
[SourceVersionDate "2023.10.10"]
[SourceQuality "1"]

1. d4 Nf6 2. c4 e6 3. Nf3 d5 4. Nc3 Bb4 5. Bd2 0-0 6. e3 b6 7. cxd5 exd5 8. Bd3 Ba6 9. Bxa6 Nxa6 10. 0-0 Re8 11. Rc1 Bf8 12. a3 c5 13. Qc2 Nc7 14. dxc5 Bxc5 15. Rfd1 Qe7 16. b4 Bd6 17. Ne2 Ne6 18. Ned4 Nxd4 19. Nxd4 Ne4 20. Nf3 Qd7 21. Be1 Rac8 22. Qb3 Rxc1 23. Rxc1 h6 24. Rd1 Nf6 25. Bc3 Ne4 26. Bb2 Rd8 27. Nd2 Qf5 28. Nxe4 dxe4 29. g3 Bc7 30. Bd4 Be5 1/2-1/2

[Event "South Island-ch"]
[Site "Dunedin"]
[Date "2020.10.07"]
[Round "5"]
[White "Weng, Xintong"]
[Black "Dolejs, Dan E"]
[Result "1-0"]
[WhiteElo "1582"]
[BlackElo "1663"]
[PlyCount "59"]
[EventDate "2020.10.03"]
[EventType "swiss"]
[EventRounds "7"]
[EventCountry "NZL"]
[SourceTitle "EXT 2024"]
[Source "ChessBase"]
[SourceDate "2023.10.10"]
[SourceVersion "1"]
[SourceVersionDate "2023.10.10"]
[SourceQuality "1"]

1. d4 d5 2. c4 e6 3. Nf3 Nf6 4. Nc3 c6 5. Bg5 Nbd7 6. e3 Bb4 7. a3 Bxc3+ 8. bxc3 Qa5 9. Rc1 Qxa3 10. Bd3 dxc4 11. Bxc4 Ne4 12. 0-0 Nxc3 13. Qd3 b5 14. Rxc3 bxc4 15. Qxc4 Qd6 16. Bf4 Qd5 17. Qxc6 Bb7 18. Qxd5 Bxd5 19. Rc7 Nf6 20. Bd6 a5 21. Ne5 Ne4 22. Re7+ Kf8 23. Rxf7+ Kg8 24. Ba3 a4 25. Rc1 h5 26. Rcc7 Rh7 27. f3 Nd2 28. Ng6 Bb3 29. Bf8 Nxf3+ 30. gxf3 1-0

[Event "Tianjin Binhai Cup 2nd"]
[Site "Tianjin"]
[Date "2020.01.17"]
[Round "8"]
[White "Du, Yuxin"]
[Black "Weng, Xintong"]
[Result "1-0"]
[WhiteElo "2073"]
[BlackElo "1572"]
[PlyCount "43"]
[EventDate "2020.01.13"]
[EventType "swiss"]
[EventRounds "9"]
[EventCountry "CHN"]
[SourceTitle "CBM 194 Extra"]
[Source "ChessBase"]
[SourceDate "2020.03.31"]
[SourceVersion "1"]
[SourceVersionDate "2020.03.31"]
[SourceQuality "1"]

1. e4 c5 2. Nf3 e6 3. g3 Nc6 4. Bg2 d6 5. 0-0 g6 6. d4 cxd4 7. Nxd4 Bg7 8. Nb5 Bf8 9. Bf4 e5 10. Be3 a6 11. N5c3 Nge7 12. Qd2 Bg7 13. Rd1 Nd4 14. Bxd4 exd4 15. Ne2 Nc6 16. c3 dxc3 17. Nbxc3 Be5 18. f4 Bxc3 19. Nxc3 Bg4 20. Rf1 Qd7 21. Nd5 Qd8 22. Qc3 1-0

[Event "Tianjin Binhai Cup 2nd"]
[Site "Tianjin"]
[Date "2020.01.13"]
[Round "2"]
[White "Guo, Weibao"]
[Black "Weng, Xintong"]
[Result "1-0"]
[WhiteElo "1905"]
[BlackElo "1572"]
[PlyCount "127"]
[EventDate "2020.01.13"]
[EventType "swiss"]
[EventRounds "9"]
[EventCountry "CHN"]
[SourceTitle "CBM 194 Extra"]
[Source "ChessBase"]
[SourceDate "2020.03.31"]
[SourceVersion "1"]
[SourceVersionDate "2020.03.31"]
[SourceQuality "1"]

1. d4 d5 2. c4 e6 3. Nf3 Nf6 4. e3 Nbd7 5. Nc3 Bb4 6. Bd2 c6 7. Bd3 dxc4 8. Bxc4 b5 9. Bd3 Bb7 10. 0-0 0-0 11. Qc2 a6 12. Ne4 Bxd2 13. Nfxd2 h6 14. Nc5 Nxc5 15. dxc5 Qe7 16. Ne4 Nxe4 17. Bxe4 Rfd8 18. Rad1 Rxd1 19. Rxd1 Rd8 20. b4 Rd7 21. g3 Qd8 22. Rxd7 Qxd7 23. Kg2 Kf8 24. Bf3 Kg8 25. Qc3 Qd8 26. Qe5 Kf8 27. h4 Kg8 28. Be4 Kf8 29. Qf4 Kg8 30. Kh2 h5 31. Bf3 g6 32. Kg2 Kg7 33. Qe5+ Kg8 34. Be4 Qd7 35. Qb8+ Kg7 36. Bf3 Qe7 37. Qe5+ Kg8 38. Kf1 Qd8 39. Ke2 Kf8 40. Be4 Qd7 41. Qf6 Kg8 42. Qe5 Kf8 43. Qh8+ Ke7 44. Qb8 f5 45. Bf3 Kf6 46. Qf8+ Qf7 47. Qh8+ Qg7 48. Qe8 Qc7 49. Qf8+ Qf7 50. Qd6 Qe7 51. Qxe7+ Kxe7 52. e4 Kf6 53. Ke3 Ke5 54. exf5 exf5 55. Bd1 Bc8 56. Bb3 Be6 57. Bxe6 Kxe6 58. Kf4 Kf6 59. f3 Ke6 60. Kg5 Kf7 61. Kh6 Kf6 62. Kh7 Kf7 63. f4 Kf6 64. Kg8 1-0

[Event "NZL-ch op 126th"]
[Site "Auckland"]
[Date "2019.01.19"]
[Round "6"]
[White "Brockman, Roland"]
[Black "Weng, Xintong"]
[Result "1/2-1/2"]
[WhiteElo "1496"]
[BlackElo "1573"]
[PlyCount "108"]
[EventDate "2019.01.14"]
[EventType "swiss"]
[EventRounds "9"]
[EventCountry "NZL"]
[SourceTitle "CBM 188 Extra"]
[Source "ChessBase"]
[SourceDate "2019.02.26"]
[SourceVersion "1"]
[SourceVersionDate "2019.02.26"]
[SourceQuality "1"]

1. d4 d5 2. Nf3 Nf6 3. e3 e6 4. Bd3 Nbd7 5. Nbd2 Be7 6. 0-0 0-0 7. e4 dxe4 8. Nxe4 Nxe4 9. Bxe4 Nf6 10. Bd3 b6 11. c3 Bb7 12. Qe2 c5 13. dxc5 Bxc5 14. Bg5 h6 15. Bh4 Be7 16. Rad1 Qc7 17. Ne5 Nd5 18. Bg3 Bd6 19. Rfe1 Bxe5 20. Bxe5 Qe7 21. Bb1 Qg5 22. f3 Rad8 23. Qc2 f5 24. Bd4 Rfe8 25. c4 Rc8 26. b3 e5 27. Qxf5 exd4 28. Rxe8+ Rxe8 29. Qxg5 hxg5 30. cxd5 Bxd5 31. Kf2 Rf8 32. Rxd4 Bc6 33. Be4 Bxe4 34. Rxe4 Rc8 35. Rc4 Rd8 36. Ke2 Re8+ 37. Re4 Rc8 38. Rc4 Re8+ 39. Kf2 Rd8 40. Kg3 Rd2 41. Ra4 a5 42. Kh3 Kh7 43. g4 Rc2 44. Kg3 Kh6 45. Rd4 Rxa2 46. Rd6+ Kh7 47. Rxb6 a4 48. bxa4 Rxa4 49. h4 gxh4+ 50. Kxh4 Rc4 51. Kg3 g5 52. Rb5 Kg6 53. Rb6+ Kh7 54. Rb5 Kg6 1/2-1/2

[Event "Auckland North Shore op 45th"]
[Site "Auckland"]
[Date "2018.08.25"]
[Round "1"]
[White "Mistry, Prashant"]
[Black "Weng, Xintong"]
[Result "1/2-1/2"]
[WhiteElo "1929"]
[BlackElo "1621"]
[PlyCount "118"]
[EventDate "2018.08.25"]
[EventType "swiss"]
[EventRounds "5"]
[EventCountry "NZL"]
[SourceTitle "EXT 2021"]
[Source "ChessBase"]
[SourceDate "2020.10.23"]
[SourceVersion "1"]
[SourceVersionDate "2020.10.23"]
[SourceQuality "1"]

1. e4 c5 2. Nf3 e6 3. d3 Nc6 4. c3 d5 5. Nbd2 Bd6 6. Qe2 Nge7 7. Nb3 0-0 8. e5 Bc7 9. Nxc5 b6 10. Nb3 Ba6 11. Bg5 Qd7 12. Bxe7 Qxe7 13. Nbd4 Nxd4 14. cxd4 Rac8 15. Qd2 Bb8 16. Be2 Rc6 17. 0-0 Rfc8 18. Rfc1 Qc7 19. Rxc6 Qxc6 20. Ne1 h6 21. f4 Qa4 22. Qe3 Qb4 23. Rb1 Qa4 24. a3 Qb3 25. Qd2 Qa4 26. Qe3 Qb3 27. Qd2 Qa4 28. Qb4 Qxb4 29. axb4 Rc7 30. Kf2 Bc8 31. Ke3 a6 32. Kd2 b5 33. Rc1 Rxc1 34. Kxc1 Ba7 35. Nc2 Kh7 36. Kd2 g6 37. Kc3 Kg7 38. g4 Kh7 39. Bf3 Kg7 40. h4 Bd7 41. Ne3 Bb6 42. f5 Bd8 43. h5 g5 44. Nc2 Bb6 45. f6+ Kf8 46. Bd1 Bc6 47. Na1 Ke8 48. Nb3 Kd7 49. Nd2 Ba7 50. Nf3 Ke8 51. Nxg5 Kf8 52. Nxe6+ fxe6 53. g5 Be8 54. g6 Bb6 55. Bf3 Bd7 56. Bg4 Ba7 57. Bf3 Bb6 58. Bd1 Ba7 59. Bc2 Bb6 1/2-1/2

[Event "Wellington op"]
[Site "Wellington"]
[Date "2018.03.30"]
[Round "2"]
[White "Weng, Xintong"]
[Black "Ha, Huy Minh"]
[Result "0-1"]
[WhiteElo "1489"]
[BlackElo "1673"]
[PlyCount "76"]
[EventDate "2018.03.30"]
[EventType "swiss"]
[EventRounds "6"]
[EventCountry "NZL"]
[SourceTitle "EXT 2019"]
[Source "ChessBase"]
[SourceDate "2018.10.10"]
[SourceVersion "1"]
[SourceVersionDate "2018.10.10"]
[SourceQuality "1"]

1. c4 Nf6 2. Nc3 g6 3. g3 Bg7 4. Bg2 0-0 5. e4 d6 6. Nge2 e5 7. 0-0 Be6 8. d3 Qd7 9. Re1 c6 10. f4 Bh3 11. Rf1 Bxg2 12. Kxg2 Nh5 13. f5 Bh8 14. g4 Ng7 15. Ng3 Na6 16. Bh6 Rfe8 17. h4 Qd8 18. h5 g5 19. f6 Ne6 20. Kh2 Bxf6 21. Qf3 Nf4 22. Nce2 Bg7 23. Nxf4 exf4 24. Nf5 Bxh6 25. Nxh6+ Kg7 26. Nf5+ Kf8 27. d4 Qf6 28. Qa3 Rxe4 29. Nxd6 Re2+ 30. Kh1 Qe7 31. Nxb7 Rb8 32. Qxe7+ Rxe7 33. Nc5 Nxc5 34. dxc5 Rxb2 35. Rfd1 Re3 36. Rd8+ Kg7 37. Rd6 Rh3+ 38. Kg1 f3 0-1

[Event "Sanya Hainan op-B"]
[Site "Sanya"]
[Date "2017.12.21"]
[Round "5"]
[White "Weng, Xintong"]
[Black "Pu, Ethan"]
[Result "1-0"]
[WhiteElo "1491"]
[BlackElo "1142"]
[PlyCount "107"]
[EventDate "2017.12.17"]
[EventType "swiss"]
[EventRounds "9"]
[EventCountry "CHN"]
[SourceTitle "CBM 182 Extra"]
[Source "ChessBase"]
[SourceDate "2018.02.23"]
[SourceVersion "1"]
[SourceVersionDate "2018.02.23"]
[SourceQuality "1"]

1. c4 e5 2. Nc3 Nc6 3. g3 Nf6 4. Bg2 d6 5. e4 Be7 6. Nge2 Bg4 7. f3 Bh5 8. 0-0 0-0 9. d3 Qd7 10. f4 Nd4 11. f5 Qc6 12. h3 Qb6 13. Kh2 Qc6 14. Nxd4 exd4 15. Ne2 Qc5 16. Qe1 Qe5 17. b4 Bd8 18. Bf4 Qe7 19. Nxd4 Nd7 20. g4 g5 21. Be3 Qe5+ 22. Kh1 Bxg4 23. hxg4 Qf6 24. Nf3 Qh6+ 25. Kg1 Bf6 26. Rd1 Ne5 27. Qg3 Rae8 28. Kf2 Nxf3 29. Bxf3 Qh4 30. Rh1 Qxg3+ 31. Kxg3 Be5+ 32. Kf2 f6 33. d4 Bf4 34. Bxf4 gxf4 35. Rh5 Rf7 36. Rg1 b6 37. d5 Rc8 38. g5 Kh8 39. Rgh1 c5 40. b5 a5 41. a4 Re8 42. gxf6 Re5 43. R1h4 Re8 44. Rh6 Rd8 45. Rxf4 Rff8 46. Rg4 Rd7 47. Rg3 Rg8 48. Rxg8+ Kxg8 49. Bh5 Re7 50. fxe7 Kg7 51. Rxh7+ Kf6 52. e8Q Kg5 53. Kg3 Kf6 54. Qe7# 1-0